| 000 | 00517nam a22001337a 4500 | ||
|---|---|---|---|
| 999 |
_c17711 _d17711 |
||
| 008 | 190528b xxu||||| |||| 00| 0 eng d | ||
| 040 |
_aKABU _cKABU |
||
| 050 |
_aHG1343 _b.K46H57 2016 c. 1 |
||
| 245 |
_aHistory and development of money in Kenya _cthe growth of currency over the years from the use of portable and divisible trade goods, to cowrieshells and now the shilling |
||
| 260 |
_aKenya _bCentral Bank of Kenya _c2016 |
||
| 300 | _a149 p. | ||
| 650 |
_aMoney _xHistory _zKenya |
||
| 942 |
_2lcc _cAFRI _hHG1343 |
||